London : an illustrated history /

Bibliographic Details
Main Author: Brown, Ivor John Carnegie, 1891-1974
Format: Book
Language:English
Published: [London] : Studio Vista, [1965]
Subjects:

MARC

Tag First Indicator Second Indicator Subfields
LEADER 00000cam a22000001 4500
001 in00002201841
005 20151104085409.0
008 760818s1965 enkab 001 0 eng
010 |a  66017849  
015 |a GB65-21481 
019 |a 38164783 
029 1 |a UKM  |b b6521481 
029 1 |a NLGGC  |b 115881948 
035 |a (OCoLC)ocm02380680 
040 |a DLC  |c GWC  |d DLC  |d UKM  |d NUI  |d OCLCQ  |d UtOrBLW 
043 |a e-uk-en 
049 |a TXAM 
050 0 0 |a DA677  |b .B88 
082 0 4 |a 942.1  |2 18 
090 |a DA677  |b .B88 1965 
100 1 |a Brown, Ivor John Carnegie,  |d 1891-1974. 
245 1 0 |a London :  |b an illustrated history /  |c by Ivor Brown. 
264 1 |a [London] :  |b Studio Vista,  |c [1965] 
300 |a 155 pages :  |b illustrations (some color), maps ;  |c 28 cm. 
336 |a text  |b txt  |2 rdacontent 
337 |a unmediated  |b n  |2 rdamedia 
338 |a volume  |b nc  |2 rdacarrier 
500 |a Cushing Library copy is part of the Stephen Powys Marks London Collection. 
500 |a Includes index. 
651 0 |a London (England)  |x History  |v Pictorial works. 
948 |a cataloged  |b h  |c 2006/11/18  |d c  |e rdavis  |f 10:03:10 am 
994 |a C0  |b TXA 
999 |a MARS 
999 f f |s bbf7b536-4e56-3bcf-a5b7-5254911241a4  |i 7736d7ed-aa8c-3697-a04d-af91dab344ba  |t 0 
952 f f |p noncirc  |a Texas A&M University  |b College Station  |c Cushing Memorial Library & Archives  |s cush lond  |d Cushing: London (Does not check out)  |t 0  |e DA677 .B88 1965  |h Library of Congress classification  |i unmediated -- volume  |m A14852690487 
998 f f |a DA677 .B88 1965  |t 0  |l Cushing: London (Does not check out)